Selection interviewing : A management psychologist's recommended approach

Bibliographic Details
Main Author: Smart, Bradford D.
Format: Book
Published: New York : John Wiley and Sons , 1985
Subjects:

MARC

LEADER 00000cam a2200000 7i4500
001 0000002851
005 20050420.0
020 |a 0471873519 
040 |a INS 
090 0 0 |a HF5549.5.16   |b S6 1985 
100 1 |a Smart, Bradford D. 
245 1 0 |a Selection interviewing :   |b A management psychologist's recommended approach   |c Bradford D. Smart 
260 |a New York :   |b John Wiley and Sons ,   |c 1985 
300 |a xiv, 292p. ;   |c 23 cm. 
650 0 0 |a Employment interviewing 
650 0 0 |a Recruiting employees 
999 |a 0000000982   |b BOOK   |c Open Shelf   |e Default branch 
999 |a 000000982   |b BOOK   |c Open Shelf   |e Default branch